000 00339 a2200157 4500
001 63693
020 _a850080749
040 _cAnchieta - Pituba
100 _aVoltaire
240 1 0 _aCândido, ou, O otimismo
_lpor
245 1 0 _aCândido, ou, O otimismo
300 _a125
362 0 _a1998
650 4 _aFicção francesa
942 _cBK
999 _c63693
_d63693